Long walk to freedom
| Main Author: | Mandela, Nelson |
|---|---|
| Published: |
South Africa:
macdonald Purnell,
1994.
|
| Subjects: |
| LEADER | 00523cam a2200169 7i4500 | ||
|---|---|---|---|
| 001 | 0000047421 | ||
| 005 | 20250107090000.0 | ||
| 020 | |a 0316874965 | ||
| 090 | 0 | 0 | |a DT1949 |b .M36 1994 |
| 100 | 1 | |a Mandela, Nelson | |
| 245 | 1 | 0 | |a Long walk to freedom |c Nelson Mandela. |
| 260 | |a South Africa: |b macdonald Purnell, |c 1994. | ||
| 300 | |a 630 p. | ||
| 600 | 1 | 0 | |a Mandela, Nelson |
| 650 | 0 | 0 | |a Presidents -- |z South Africa |
| 997 | |a AIDCOMM - Communication and Media, Faculty | ||
| 999 | |a ZARC000522 |b BOK |c OPEN SHELF |e Zainol Ahmad Resource Center | ||


